000
00333nam a2200121Ia 4500
008
151001s9999||||xx |||||||||||||| ||und||
100
_a
Asthon Helen
245
_a
Yeomans Hospital
260
_b
collins 48 pall Mall
260
_c
1944
300
_a
226
365
_b
8
999
_c
949999
_d
949996